Repairs, reuse, recycling--first steps toward a sustainable society /

Bibliographic Details
Main Author: Hayes, Denis, 1944-
Format: Book
Language:English
Published: Washington : Worldwatch Institute, 1978.
Series:Worldwatch paper ; 23.
Subjects:

MARC

Tag First Indicator Second Indicator Subfields
LEADER 00000cam a2200000 i 4500
001 in00000058038
005 20151008050955.0
008 781129s1978 dcu b 00010 eng
010 |a  78064455  
020 |a 0916468224 :  |c $2.00 
035 |a (OCoLC)04490738 
035 |9 AAG4700AM 
040 |a DLC  |c DLC  |d TXA  |d UtOrBLW 
049 |a TXAM  |c [1497286] 
050 0 0 |a TD794.5  |b .H39 
082 0 |a 333.7 
100 1 |a Hayes, Denis,  |d 1944- 
245 1 0 |a Repairs, reuse, recycling--first steps toward a sustainable society /  |c Denis Hayes. 
264 1 |a Washington :  |b Worldwatch Institute,  |c 1978. 
300 |a 45 pages ;  |c 22 cm. 
336 |a text  |b txt  |2 rdacontent 
337 |a unmediated  |b n  |2 rdamedia 
338 |a volume  |b nc  |2 rdacarrier 
490 1 |a Worldwatch paper ;  |v 23 
504 |a Includes bibliographical references. 
650 0 |a Recycling (Waste, etc.) 
650 0 |a Salvage (Waste, etc.) 
830 0 |a Worldwatch paper ;  |v 23. 
999 |a MARS 
999 f f |s 56216ec6-22d4-3a33-99b3-3d5dd8487344  |i 147049e6-7aba-3a5d-bf67-87ce1f79e0ed  |t 0 
952 f f |p ric  |a Texas A&M University  |b Rellis Campus  |c Joint Library Facility  |d Remote Storage  |t 0  |e TD794.5 .H39  |h Library of Congress classification  |i unmediated -- volume  |m A14805367925 
998 f f |a TD794.5 .H39  |t 0  |l Remote Storage